A textbook of Higher Secondary Zoology / (Record no. 5572)
[ view plain ]
| 000 -LEADER | |
|---|---|
| fixed length control field | 00704nam a2200265 4500 |
| 001 - CONTROL NUMBER | |
| JCCL Control Number | 5572 |
| 003 - CONTROL NUMBER IDENTIFIER | |
| JCCL marc code | BD-JhCC |
| 005 - DATE AND TIME OF LATEST TRANSACTION | |
| control field | 20191113134007.0 |
| 008 - FIXED-LENGTH DATA ELEMENTS--GENERAL INFORMATION | |
| fixed length control field | 850613s b a a 000 0 eng |
| 020 ## - INTERNATIONAL STANDARD BOOK NUMBER | |
| International Standard Book Number | 9848272313 |
| 035 ## - SYSTEM CONTROL NUMBER | |
| system control number | (BD-JhCC)1758 |
| 040 ## - CATALOGING SOURCE | |
| Original cataloging agency | DLC/ICU |
| Transcribing agency | ICU |
| Modifying agency | DLC |
| 041 ## - LANGUAGE CODE | |
| Language code of Book | eng |
| 050 00 - LIBRARY OF CONGRESS CALL NUMBER | |
| Classification number | QL362 |
| Item number | .J65 |
| 082 ## - DEWEY DECIMAL CLASSIFICATION NUMBER | |
| Author mark and Year | SHA 1963 |
| Classification number | 590 |
| 100 1# - MAIN ENTRY--PERSONAL NAME | |
| Personal name | Shaha, Meghnad |
| 245 10 - TITLE STATEMENT | |
| Title | A textbook of Higher Secondary Zoology / |
| Statement of responsibility, etc | Meghnad Shaha; Abu Sayed Biswas |
| 250 ## - EDITION STATEMENT | |
| Edition statement | [1st ed.]. |
| 260 ## - PUBLICATION, DISTRIBUTION, ETC. (IMPRINT) | |
| Place of publication, distribution, etc | Dhaka, |
| Name of publisher, distributor, etc | Mullick Brother, |
| Date of publication, distribution, etc | 1963. |
| 300 ## - PHYSICAL DESCRIPTION | |
| Pagination | 416 p.: |
| Other physical details | ill. ; |
| Dimensions | 28 cm. |
| 650 #0 - SUBJECT ADDED ENTRY--TOPICAL TERM | |
| Topical term or geographic name as entry element | Zoology. |
| General subdivision | Study and teaching |
| 700 ## - ADDED ENTRY--PERSONAL NAME | |
| Personal name | Biswas,Sayed, Abu |
| 942 ## - ADDED ENTRY ELEMENTS (KOHA) | |
| Source of classification or shelving scheme | Dewey Decimal Classification |
| Koha item type | Books |
| Koha issues (borrowed), all copies | 2 |
| Source of classification or shelving scheme | Damaged status | Not for loan | Home library | Current library | Shelving location | Date of accession | Cost, normal purchase price | Total Checkouts | Full call number | Barcode | Date last seen | Date checked out | Copy number | Koha item type |
|---|---|---|---|---|---|---|---|---|---|---|---|---|---|---|
| Dewey Decimal Classification | JCC Rouf Library | JCC Rouf Library | General Stacks | 01/17/2024 | 280.00 | 5 | 590 SHA 1963 | 7456 | 10/20/2024 | 09/28/2024 | C-1 | Books | ||
| Dewey Decimal Classification | JCC Rouf Library | JCC Rouf Library | General Stacks | 07/08/2024 | 280.00 | 2 | 590 SHA 1963 | 8182 | 12/03/2024 | 10/21/2024 | C-2 | Books | ||
| Dewey Decimal Classification | JCC Rouf Library | JCC Rouf Library | General Stacks | 02/12/2018 | 280.00 | 590 SHA 1963 | 10213 | 02/12/2018 | C-3 | Books | ||||
| Dewey Decimal Classification | JCC Rouf Library | JCC Rouf Library | General Stacks | 02/12/2018 | 280.00 | 590 SHA 1963 | 10226 | 02/12/2018 | C-4 | Books | ||||
| Dewey Decimal Classification | JCC Rouf Library | JCC Rouf Library | General Stacks | 03/14/2018 | 280.00 | 590 SHA 1963 | 11822 | 03/14/2018 | C-5 | Books |